| Tag |
First Indicator |
Second Indicator |
Subfields |
| LEADER |
00000cam a22000001 4500 |
| 001 |
in00000220721 |
| 005 |
20151009080510.0 |
| 008 |
740801n1966 paua b 00010 eng |
| 010 |
|
|
|a 66030806
|
| 035 |
|
|
|a (OCoLC)00173159
|
| 035 |
|
|
|9 AAZ5352AM
|
| 040 |
|
|
|a DLC
|c DLC
|d TXA
|d UtOrBLW
|
| 043 |
|
|
|a n-us---
|
| 049 |
|
|
|a TXAM
|c [636440]
|
| 050 |
0 |
0 |
|a HC106.5
|b .K514
|
| 082 |
0 |
|
|a 338/.012
|
| 100 |
1 |
|
|a Klein, Lawrence R.
|q (Lawrence Robert),
|d 1920-2013.
|
| 245 |
1 |
4 |
|a The Wharton index of capacity utilization /
|c by Lawrence R. Klein and Robert Summers.
|
| 264 |
|
1 |
|a Philadelphia :
|b Economics Research Unit, Dept. of Economics, Wharton School of Finance and Commerce, University of Pennsylvania,
|c 1966 [i.e. 1967]
|
| 300 |
|
|
|a vii, 94 pages :
|b illustrations ;
|c 26 cm.
|
| 336 |
|
|
|a text
|b txt
|2 rdacontent
|
| 337 |
|
|
|a unmediated
|b n
|2 rdamedia
|
| 338 |
|
|
|a volume
|b nc
|2 rdacarrier
|
| 490 |
1 |
|
|a Studies in quantitative economics,
|v no. 1
|
| 504 |
|
|
|a Bibliography: pages 93-94.
|
| 650 |
|
0 |
|a Industrial capacity.
|
| 650 |
|
0 |
|a Industries
|z United States.
|
| 700 |
1 |
|
|a Summers, Robert.
|
| 710 |
2 |
|
|a University of Pennsylvania.
|b Economics Research Unit.
|
| 830 |
|
0 |
|a Studies in quantitative economics ;
|v no. 1.
|
| 999 |
|
|
|a MARS
|
| 999 |
f |
f |
|s 4576f169-707d-3f67-b806-a7a252746ba4
|i af3ed4d1-ac12-35dd-8084-65bc1f14a18e
|t 0
|
| 952 |
f |
f |
|p ric
|a Texas A&M University
|b Rellis Campus
|c Joint Library Facility
|d Remote Storage
|t 0
|e HC106.5 .K514
|h Library of Congress classification
|i unmediated -- volume
|m A14802573381
|
| 998 |
f |
f |
|a HC106.5 .K514
|t 0
|l Remote Storage
|